000
00239nam a2200097Ia 4500
001
691387
005
20250826161834.0
008
250824s9999 xx 000 0 und d
245
0
_a
EN GÜZEL KISSA
_c
FATMA BAYRAM
260
_b
TİMAŞ YAYINLARI
999
_c
691387
_d
691387